Loading...
| Science - Chemistry | 1 | 6 | 0 | 2 | 75 | 63 | 106.71 | 0 | 2 |
| Science - Physics | 1 | 5 | 1 | 0 | 60 | 77 | 99.00 | 0 | 3 |
| Science - Biology | 1 | 3 | 0 | 0 | 45 | 50 | 102.75 | 1 | 3 |
| Religion | 1 | 1 | 0 | 0 | 25 | 52 | 87.50 | 1 | 2 |
| Social Science | 0 | 2 | 0 | 1 | 20 | 98 | 114.50 | 0 | 1 |
| Other Science (Mixed/Any) | 1 | 0 | 0 | 0 | 15 | 84 | 84.00 | 0 | 0 |
| Other Science (Earth Science) | 1 | 0 | 0 | 0 | 15 | 78 | 78.00 | 1 | 1 |
| History - American History | 0 | 1 | 0 | 1 | 10 | 128 | 128.00 | 0 | 0 |
| Other Science (Computer Science) | 0 | 1 | 0 | 0 | 10 | 94 | 94.00 | 0 | 1 |
| Other Science (Math) | 0 | 0 | 1 | 0 | -5 | 0.00 | 0 | 0 | |
| Modern World | 0 | 0 | 1 | 0 | -5 | 0.00 | 0 | 0 |